000 02629nam0a2200409 4500
001 RU\NLR\BIBL_A\022592298
005 20260420051403.0
010 _a978-5-94991-772-5
_9300
021 _aRU
_bКН-П-25-032954
_9КН-П-25-3254
035 _a(NLR Aleph) 022592298
090 _a13679657
_c13679657
100 _a20250728d2024 u y0rusy50 ca
101 0 _arus
102 _aRU
105 _aa|||j|||000yy
181 0 _ai3
_baxxe
182 0 _an
200 1 _aГосударственная служба в уголовно-исполнительной системе Российской Федерации
_eучебное пособие
_eдля курсантов, слушателей, адъюнктов и преподавателей образовательных организаций ФСИН России
_fН. В. Анискина, О. С. Батова, А. М. Бобров [и др.]
_gпод общей редакцией О. В. Дербиной
_gФедеральная служба исполнения наказаний, Вологодский институт права и экономики
203 _aТекст
_bвизуальный
_cнепосредственный
210 _aВологда
_cВологодский институт права и экономики ФСИН России
_d2024
215 _a330 с.
_cил., табл.
_d20
300 _aАвт. указаны на обороте тит. с.
320 _aБиблиогр. в подстроч. примеч.
606 1 _aГосударственная служба
_jУчебные издания
_xПравовые вопросы
_yРоссийская Федерация
_92305403
_3RU\NLR\AUTH\661380022
606 1 _aУголовно-исполнительная система
_jУчебные издания
_xКадры
_xПравовое положение
_yРоссийская Федерация
_92433504
_3RU\NLR\AUTH\661448261
686 1 _aХ621.02я7
686 1 _aХ628.4я7
701 1 _aАнискина
_bН. В.
_gНадежда Владимировна
701 1 _aБатова
_bО. С.
_gОксана Сергеевна
701 1 _aБобров
_bА. М.
_gАртем Михайлович
702 1 _4340
_7ca
_8rus
_aДербина
_bО. В.
_gОльга Васильевна
_9105622
_3RU\NLR\AUTH\77122697
712 0 2 _4475
_aВологодский институт права и экономики
_9652406
_3RU\NLR\AUTH\8810075199
942 _cBOOK
980 _aNB